000 00499nam a2200181Ia 4500
005 20250326142952.0
008 250326s9999 xx 000 0 und d
037 _aTextbook
040 _aFMSL
_beng
_cFMSL
041 _aeng
_2eng
084 _aX:51 P0
_qFMSL
100 _aHorovitz J
_9747009
245 0 _aSeven Secrets of Service Strategy
_cHorovitz J
260 _aEngland
_bEngland, Prentice Hall
_c2000
300 _aix,140
942 _cTB
_hX:51 P0
999 _c1297504
_d1297504